Big science : The growth of large-scale research
שמור ב:
| מחבר ראשי: | |
|---|---|
| פורמט: | ספר |
| שפה: | Undetermined |
| יצא לאור: |
California
Stanford University Press
1992
|
| נושאים: | |
| תגים: |
הוספת תג
אין תגיות, היה/י הראשונ/ה לתייג את הרשומה!
|
| Thư viện lưu trữ: | Trung tâm Học liệu Trường Đại học Cần Thơ |
|---|
| LEADER | 00512nam a2200181Ia 4500 | ||
|---|---|---|---|
| 001 | CTU_78521 | ||
| 008 | 210402s9999 xx 000 0 und d | ||
| 082 | |a 507.2 | ||
| 082 | |b G156 | ||
| 100 | |a Galison, Peter | ||
| 245 | 0 | |a Big science : | |
| 245 | 4 | |b The growth of large-scale research | |
| 245 | 0 | |c Peter Galison | |
| 260 | |a California | ||
| 260 | |b Stanford University Press | ||
| 260 | |c 1992 | ||
| 650 | |a Physics research,Research industrial | ||
| 980 | |a Trung tâm Học liệu Trường Đại học Cần Thơ | ||